书目信息 |
| 题名: |
网络环境下高校思想政治教育方法研究
|
|
| 作者: | 王利平 主编 | |
| 分册: | ||
| 出版信息: | 武汉 武汉大学出版社 2020.06 |
|
| 页数: | 175页 | |
| 开本: | 24cm | |
| 丛书名: | ||
| 单 册: | ||
| 中图分类: | G641 | |
| 科图分类: | ||
| 主题词: | 高等学校--gao deng xue xiao--思想政治教育--教育方法--研究--中国 | |
| 电子资源: | ||
| ISBN: | 978-7-307-13500-0 | |
| 000 | 01183nam0 2200241 450 | |
| 001 | 2057179658 | |
| 005 | 20201106155306.49 | |
| 010 | @a978-7-307-13500-0@dCNY42.00 | |
| 100 | @a20200723d2020 em y0chiy50 ea | |
| 101 | 0 | @achi |
| 102 | @aCN@b420000 | |
| 105 | @ay a 000yy | |
| 200 | 1 | @a网络环境下高校思想政治教育方法研究@Awang luo huan jing xia gao xiao si xiang zheng zhi jiao yu fang fa yan jiu@f主编王利平 |
| 210 | @a武汉@c武汉大学出版社@d2020.06 | |
| 215 | @a175页@d24cm | |
| 314 | @a王利平, 中共党员, 2008-2012年, 就读于武汉纺织大学国际经济与商贸专业, 获经济学学士学位 ; 2013-2016年, 就读于云南师范大学政治学专业, 获法学硕士学位等。 | |
| 320 | @a有书目 (第171-175页) | |
| 330 | @a本书共分六章, 以网络思想政治教育为切入点, 通过对网络环境下高校思想政治教育的内涵、运行机制、主客体进行深入分析研究, 提出了网络环境下高校校园文化建设的路径。具体内容包括: 网络环境、网络环境下高校思想政治教育概述、网络环境下高校校园文化建设、网络环境下高校思想政治教育实践探索等。 | |
| 606 | 0 | @a高等学校@Agao deng xue xiao@x思想政治教育@x教育方法@x研究@y中国 |
| 690 | @aG641@v5 | |
| 701 | 0 | @a王利平@Awang li ping@4主编 |
| 801 | 0 | @aCN@b人天书店@c20201027 |
| 905 | @aZUCC@dG641@eW254 | |
| 网络环境下高校思想政治教育方法研究/主编王利平.-武汉:武汉大学出版社,2020.06 |
| 175页;24cm |
| ISBN 978-7-307-13500-0:CNY42.00 |
| 本书共分六章, 以网络思想政治教育为切入点, 通过对网络环境下高校思想政治教育的内涵、运行机制、主客体进行深入分析研究, 提出了网络环境下高校校园文化建设的路径。具体内容包括: 网络环境、网络环境下高校思想政治教育概述、网络环境下高校校园文化建设、网络环境下高校思想政治教育实践探索等。 |
| ● |
| 相关链接 |
|
|
|
正题名:网络环境下高校思想政治教育方法研究
索取号:G641/W254
 
预约/预借
| 序号 | 登录号 | 条形码 | 馆藏地/架位号 | 状态 | 备注 |
| 1 | 1482898 | 214828980 | 社科库409/409社科库 10排2列3层/ [索取号:G641/W254] | 在馆 | |
| 2 | 1482899 | 214828999 | 社科库409/409社科库 10排2列3层/ [索取号:G641/W254] | 在馆 |